000 00395 a2200145 4500
041 _aEng.
082 _aCD5029
100 _aGurung, Suresh
245 _aForms of address in Gurung and English
260 _aPokhara
_c2010
502 _aDissertation
_bDegree in Education
_cT. U., PNC
650 _aLinguistics
_aGurung culture
_aGurung language
653 _aEnglish language
942 _2ddc
_cVM
999 _c62846
_d62834